000
00274 a2200133 4500
001
194874
040
_c
Magnum
100
_a
PRADO, Jane
240
1
0
_a
Girassol quer sol
_l
por
245
1
0
_a
Girassol quer sol
300
_a
11
697
_a
LITERATURA INFANTIL
942
_c
BK
999
_c
194874
_d
194874